000
00141nam a22000857a 4500
082
_a
823
100
_a
UNKNOWN
245
_a
JUG LEAD
942
_c
BK
999
_c
8351
_d
8351